| 000 | 00841nam a22002297a 4500 | ||
|---|---|---|---|
| 999 |
_c1612 _d1612 |
||
| 003 | AR-CdUCM | ||
| 008 | 190227b ||||| |||| 00| 0 spa d | ||
| 040 |
_aMUNICIPALIDAD PROVINCIAL DEL CUSCO _cBIBLIOTECA MUNICIPAL DEL CUSCO |
||
| 082 |
_a869.56 / _bZ86 |
||
| 100 |
_aZubizarreta, Armando _96036 |
||
| 245 |
_aPerfil y entraña de El caballero Carmelo : _bel arte del cuento criollo / |
||
| 260 |
_aLima : _bUniverso, _c1968. |
||
| 300 |
_a199 páginas ; _c21 cm. |
||
| 505 | _aLa opción por la aldea - La técnica narrativa - El personaje aristocrático - La descripción - Los temas de la evocación... | ||
| 650 |
_aLiteratura. _95632 |
||
| 650 |
_aNovela peruana. _91234 |
||
| 650 |
_aValdelomar. _96037 |
||
| 650 |
_aTradiciones. _9229 |
||
| 650 |
_aAnálisis literario. _9714 |
||
| 942 |
_2ddc _cLIBROS |
||
| 945 |
_admma _d2019-02-27 |
||